Step Into Your Greatness (Record no. 94857)
[ view plain ]
| 000 -LEADER | |
|---|---|
| fixed length control field | 00581nam a2200205Ia 4500 |
| 005 - DATE AND TIME OF LATEST TRANSACTION | |
| control field | 20251121155642.0 |
| 008 - FIXED-LENGTH DATA ELEMENTS--GENERAL INFORMATION | |
| fixed length control field | 230125s9999 xx 000 0 und d |
| 020 ## - INTERNATIONAL STANDARD BOOK NUMBER | |
| International Standard Book Number | 9788184954968 |
| 041 ## - LANGUAGE CODE | |
| Language code of text/sound track or separate title | eng |
| 082 ## - DEWEY DECIMAL CLASSIFICATION NUMBER | |
| Classification number | 158.1 |
| Item number | RIC |
| 100 ## - MAIN ENTRY--PERSONAL NAME | |
| Author | Ricotti S |
| 245 ## - TITLE STATEMENT | |
| Title | Step Into Your Greatness |
| Remainder of title | Unsinkable: Powerfully Take Action Move Forward And Create A Life You Deserve! |
| 250 ## - EDITION STATEMENT | |
| Edition statement | Ed.1st |
| 260 ## - PUBLICATION, DISTRIBUTION, ETC. | |
| Date of publication, distribution, etc. | 2014 |
| Name of publisher, distributor, etc. | Jaico Publishing House |
| Place of publication, distribution, etc. | Mumbai |
| 300 ## - PHYSICAL DESCRIPTION | |
| Extent | 192p |
| 500 ## - GENERAL NOTE | |
| Keywords | Personality Development |
| 700 ## - ADDED ENTRY--PERSONAL NAME | |
| Personal name | Ricotti S |
| 942 ## - ADDED ENTRY ELEMENTS (KOHA) | |
| Koha item type | Books |
| 906 ## - LOCAL DATA ELEMENT F, LDF (RLIN) | |
| b | 85.25 |
| Withdrawn status | Lost status | Damaged status | Not for loan | Home library | Current library | Date acquired | Vendor | Net Price | Bill number | Total Checkouts | Full call number | Barcode | Date last seen | Actual Price | Bill Date | Koha item type | Original Barcode |
|---|---|---|---|---|---|---|---|---|---|---|---|---|---|---|---|---|---|
| Smt. Hiraben Nanavati Institute of Management & Research for Women | Smt. Hiraben Nanavati Institute of Management & Research for Women | 20/03/2017 | Suyog Enterprises | 275.00 | SE/SI/3970 | 158.1 RIC B15747 | HIMR-BK-15747 | 25/01/2023 | 189.75 | 17/03/2017 | Books | B15747 |